书目信息 |
| 题名: |
C语言程序设计
|
|
| 作者: | 蒋清明 主编 ;向德生 , 何宏 编著 | |
| 分册: | ||
| 出版信息: | 北京 人民邮电出版社 2005.02 |
|
| 页数: | 264页 | |
| 开本: | 26cm | |
| 丛书名: | ||
| 单 册: | ||
| 中图分类: | TP312 | |
| 科图分类: | ||
| 主题词: | C语言--C yu yan--程序设计--高等学校--教材 | |
| 电子资源: | ||
| ISBN: | 7-115-13092-2 | |
| 000 | 01021nam0 2200265 450 | |
| 001 | 012006916907 | |
| 005 | 20060926164949.28 | |
| 010 | @a7-115-13092-2@dCNY29.00 | |
| 100 | @a20060821d2005 km y0chiy0120 ea | |
| 101 | 0 | @achi |
| 102 | @aCN@b110000 | |
| 105 | @aa a 000yy | |
| 200 | 1 | @aC语言程序设计@AC yu yan cheng xu she ji@f蒋清明主编@Fjiang qing ming zhu bian@g向德生, 何宏编著@Gxiang de sheng,he hong bian zhu |
| 210 | @a北京@c人民邮电出版社@d2005.02 | |
| 215 | @a264页@c图@d26cm | |
| 320 | @a有书目。 | |
| 330 | @a本书循序渐进地讲述C语言程序设计的基本知识、基本技能和编程方法。书中举例经典,许多例题习题都是工程应用或等级考试中基本算法的应用。全书共分9章,主要内容包括:基本数据类型和运算符、控制结构、函数、数组等。 | |
| 333 | @a高等学校教材 | |
| 606 | 0 | @aC语言@AC yu yan@x程序设计@x高等学校@j教材 |
| 690 | @aTP312@v4 | |
| 701 | 0 | @a蒋清明@Ajiang qing ming@4主编 |
| 702 | 0 | @a向德生@Axiang de sheng@4编著 |
| 702 | 0 | @a何宏@Ahe hong@4编著 |
| 801 | 0 | @aCN@c20060926 |
| 905 | @a10447@dTP312@eJ574 | |
| C语言程序设计/蒋清明主编/向德生, 何宏编著.-北京:人民邮电出版社,2005.02 |
| 264页:图;26cm |
| 使用对象:高等学校教材 |
| ISBN 7-115-13092-2:CNY29.00 |
| 本书循序渐进地讲述C语言程序设计的基本知识、基本技能和编程方法。书中举例经典,许多例题习题都是工程应用或等级考试中基本算法的应用。全书共分9章,主要内容包括:基本数据类型和运算符、控制结构、函数、数组等。 |
| ● |
| 相关链接 |
|
|
|
正题名:C语言程序设计
索取号:TP312/J574
 
预约/预借
| 序号 | 登录号 | 条形码 | 馆藏地/架位号 | 状态 | 备注 |
| 1 | 220160 | 202201606 | 期刊室512/301自科库 45排2列1层/ [索取号:TP312/J574] | 在馆 | |
| 2 | 220161 | 202201615 | 期刊室512/301自科库 45排2列1层/ [索取号:TP312/J574] | 在馆 | |
| 3 | 220162 | 202201624 | 自科二线400A/400A自科库 7排1列2层/ [索取号:TP312/J574] | 在馆 |